000 00454nam a22001337a 4500
008 220930b |||||||| |||| 00| 0 eng d
050 _aBR118
_b.T45 2018
100 _aThiselton, Anthony C.
245 _aApproaching the study of theology:
_bAn introduction to the key thinkers, concepts, methods & debates/
_cAnthony C. Thiselton
260 _aDownersGrove, Illinois
_bIVP Academic
_c2018
300 _axv, 240p.
650 _aTheology
942 _2lcc
_cBK
999 _c19612
_d19611